Jménem Republiky? : Mé slovo k vítězství Gajdovské pravdy /

Hlavní autor: Kratochvíl, Jaroslav, 1885-1945
Jazyk: Čeština
Vydáno: Praha : Čin, 1928
Edice: Leták (Čin)
Fyzický popis: 110 s., 5 listů ; 8°
Knihy
Uloženo v:
LEADER 00960nam a22002412 4500
001 000713775
003 CZ BrMZK
005 20210618141818.0
007 ta
008 040504s1928 xr e cze d
015 |a cnb000931476 
040 |a ABA001  |b cze  |c ABA001  |d BOA001  |d ABA001 
100 1 |a Kratochvíl, Jaroslav,  |d 1885-1945  |7 jk01062969  |4 aut 
245 1 0 |a Jménem Republiky? :  |b Mé slovo k vítězství Gajdovské pravdy /  |c Jaroslav Kratochvíl 
260 |a Praha :  |b Čin,  |c 1928  |f ([Legiografie]) 
300 |a 110 s., 5 listů ;  |c 8° 
490 1 |a Leták ;  |v 4 
830 0 |a Leták (Čin)  |0 s 
910 |a BOA001  |b 1-0100.689,4 
990 |a BK 
996 7 |b 2619207944  |c 1-0100.689,4  |l MZK  |r Sklad / do 1 hodiny  |n 7  |w 000713775  |u 000010  |a 1  |e BOA001  |j MZK50  |s A 
996 7 |b 2619213537  |c 1-0100.689,4  |l MZK  |r Sklad / do 1 hodiny  |n 4  |w 000713775  |u 000020  |a 1  |e BOA001  |j MZK50  |s A 
996 6 |b 2619470775  |c 1-0100.689,4  |l MZK  |r Sklad / do 1 hodiny  |n 0  |w 000713775  |u 000030  |a 1  |e BOA001  |j MZK50  |s P